Score 0/10 Timer 03:00
0 Plays Today
Question Answer Wrong Answers
Pick the smallest country Slovakia
87%
Czechia
8.7%
Austria
4.3%
Hungary
0%
Pick the Smallest country Nauru
82.6%
Tuvalu
8.7%
Vanuatu
0%
San Marino
8.7%
Pick the smallest country Guinea-Bissau
73.9%
Bhutan
4.3%
Netherlands
13%
Croatia
4.3%
Pick the smallest country Senegal
60.9%
Oman
0%
Belarus
13%
Ecuador
26.1%
Pick the smallest country Saint Vincent and the Grenadines
60.9%
Dominica
17.4%
Mauritius
0%
Tonga
17.4%
Pick the smallest country Mauritania
60.9%
Bolivia
21.7%
Ethiopia
13%
South Africa
4.3%
Pick the smallest country Peru
47.8%
Denmark
34.8%
Mexico
4.3%
Mongolia
13%
Pick the smallest country Poland
34.8%
Japan
13%
Republic of the Congo
39.1%
Malaysia
13%
Pick the smallest country Guatemala
34.8%
Cuba
13%
Liberia
39.1%
North Korea
13%
Pick the smallest country Montenegro
21.7%
Bahamas
60.9%
Swaziland
4.3%
Israel
8.7%
Remove Ads.
Support Sporcle.
Get the best of Sporcle when you Go Orange. This ad-free experience offers more features, more stats, and more fun while also helping to support Sporcle. Thank you for becoming a member.

You're not logged in!

Compare scores with friends on all Sporcle quizzes.
OR
Log In

Show Comments

Extras

Created Dec 10, 2018ReportNominate
Tags:Country Quiz, area, land, smallest

Top Quizzes Today


Score Distribution

Your Account Isn't Verified!

In order to create a playlist on Sporcle, you need to verify the email address you used during registration. Go to your Sporcle Settings to finish the process.

Report this User

Report this user for behavior that violates our Community Guidelines.

Details: